01010nam a2200277Ia 4500001000700000003000500007005001700012008004100029010001100070040000900081100003400090245011300124260003300237300000700270502017700277650000900454650003100463650001200494650001800506650001000524650002200534700003800556700004600594700003800640856005400678Z_6532CHAP20230927163023.0220113s2012 xx 000 0 und d a169800 cCHAP aCastañeda Chirinos, Saúl. aDiagnóstico mineral de ganado bovino en condiciones de trópico húmedo /cSaúl Castañeda Chirinos. aMéxico :bEl autor,c2012 aCD aTesis (Maestro en Ciencias en Innovación Ganadera) -- UACh. 2012 \ Dirección: Maximino Huerta Bravo; asesoría: José Luis Zaragoza Ramírez y Gilberto Aranda Osorio aAgua aBovinoxdoble propósito. aForraje aGanado bovino aSuelo aSuero Sanguíneo a Aranda Osorio, Gilberto, asesor. a Zaragoza Ramírez, José Luis, asesor  aHuerta Bravo, Maximino, director 42uhttp://10.13.5.2/tesis/115240.pdfyDesacargar PDF